Guía para visitar los monumentos arqueológicos situados entre Puebla y Mitla (Record no. 7056)

MARC details
000 -CABECERA
campo de control de longitud fija 00675nam a2200229 a 4500
001 - NÚMERO DE CONTROL
campo de control BRCA_7380
005 - FECHA Y HORA DE LA ÚLTIMA TRANSACCIÓN
campo de control 20190320205820.0
008 - DATOS DE LONGITUD FIJA--INFORMACIÓN GENERAL
campo de control de longitud fija 140313s1910----mx-e######---#000-0#spa-#
041 ## - CÓDIGO DE LENGUA
Código de lengua del texto/banda sonora o título independiente spa
044 ## - CÓDIGO DEL PAÍS DE LA ENTIDAD EDITORA/PRODUCTORA
Código MARC del país mx
050 #4 - SIGNATURA TOPOGRÁFICA DE LA BIBLIOTECA DEL CONGRESO
Número de clasificación F1219.1
Número de documento/Ítem .B38 1910
100 1# - ENTRADA PRINCIPAL--NOMBRE DE PERSONA
Nombre de persona Batres, Leopoldo
9 (RLIN) 18226
245 10 - MENCIÓN DE TÍTULO
Título Guía para visitar los monumentos arqueológicos situados entre Puebla y Mitla
Mención de responsabilidad, etc. Leopoldo Batres.
260 ## - PUBLICACIÓN, DISTRIBUCIÓN, ETC.
Lugar de publicación, distribución, etc. México
Nombre del editor, distribuidor, etc. Tip. de F. S. Soria
Fecha de publicación, distribución, etc. 1910
300 ## - DESCRIPCIÓN FÍSICA
Extensión 18 p.
Otras características físicas il., planos
500 ## - NOTA GENERAL
Nota general Q85
651 #4 - PUNTO DE ACCESO ADICIONAL DE MATERIA--NOMBRE GEOGRÁFICO
Nombre geográfico Puebla
Subdivisión general Antigüedades
9 (RLIN) 18227
651 #4 - PUNTO DE ACCESO ADICIONAL DE MATERIA--NOMBRE GEOGRÁFICO
Nombre geográfico Mitla, Oaxaca
Subdivisión general Antigüedades
9 (RLIN) 18228
651 #4 - PUNTO DE ACCESO ADICIONAL DE MATERIA--NOMBRE GEOGRÁFICO
Nombre geográfico México
Subdivisión general Antigüedades
9 (RLIN) 2765
902 ## - CATALOGADOR
Iniciales GFM
942 ## - ELEMENTOS DE PUNTO DE ACCESO ADICIONAL (KOHA)
Fuente del sistema de clasificación o colocación Library of Congress Classification
Tipo de ítem Koha Libros
Holdings
Estado de retiro Estado de pérdida Estado dañado No para préstamo Localización permanente Ubicación/localización actual Fecha de adquisición Número de inventario Total de préstamos Signatura topográfica completa Código de barras Fecha visto por última vez Precio válido a partir de Tipo de ítem Koha
El ejemplar forma parte de la colección y puede ser consultado según las políticas vigentes.       Biblioteca del Museo Franz Mayer (Rogerio Casas-Alatriste) Biblioteca del Museo Franz Mayer (Rogerio Casas-Alatriste) 14/03/2013 Q85   F1219.1 .B38 1910 (Q85) 7983 22/03/2019 22/03/2019 Libros